000 nam a22 7a 4500
999 _c51526
_d51526
003 OSt
005 20220401153010.0
008 220401b xxu||||| |||| 00| 0 eng d
040 _csero soft
100 _aHusain prof.Naushad
245 _acontemporary india and education
260 _anew delhi
_bShipra
300 _a416
942 _2ddc
_c02